Rekondičný pobyt

Choroby z povolania. Nárok na rekondičný pobyt, podmienka účelnosti rekondičného pobytu. Rámcové programy rekondičného pobytu. Účasť zamestnanca na rekondičnom pobyte. Povinnosti zamestnávateľov.

Saved in:
Bibliographic Details
Main Author: Tichý, Miroslav
Format: Book Chapter
Language:Slovak
Subjects:
Tags: Add Tag
No Tags, Be the first to tag this record!

MARC

LEADER 00000naa a2200000 4500
001 0236839
005 20171026085918.4
041 0 |a slo 
044 |a SK 
245 1 0 |a Rekondičný pobyt  |c Miroslav Tichý 
520 |a Choroby z povolania. Nárok na rekondičný pobyt, podmienka účelnosti rekondičného pobytu. Rámcové programy rekondičného pobytu. Účasť zamestnanca na rekondičnom pobyte. Povinnosti zamestnávateľov. 
610 2 0 |a zamestnanci 
610 2 0 |a choroby z povolania 
610 2 0 |a ochrana zdravia 
610 2 0 |a povinnosti zamestnávateľov 
100 1 |a Tichý, Miroslav